000 00995pam a2200301 a 4500
005 20260322212017.0
008 data
010 _a 90006490
020 _a0870448218 :
_c{dollar}11.95
020 _a0870448269 (lib. bdg.) :
_c{dollar}16.95
020 _a9780870448218 :
_c{dollar}11.95
020 _a9780870448263 (lib. bdg.) :
_c{dollar}16.95
040 _aDLC
_cDLC
_dDLC
042 _alcac
050 0 0 _aQL49
_b.S825 1990
082 0 0 _a591
_220
092 _a591 S825 1990
100 1 _aStuart, Gene S.
245 1 0 _aOur amazing animal friends /
_cGene S. Stuart.
260 _aWashington, D.C. :
_bNational Geographic Society,
_cc1990.
300 _a32, [1] p. :
_bcol. ill. ;
_c29 cm.
440 0 _aBooks for young explorers
504 _aIncludes bibliographical references (p. [33]).
520 _aIntroduces recordholders of the animal world, including the largest lizard and the fastest mammal.
650 0 _aAnimals
_xJuvenile literature.
650 1 _aAnimals.
001 data
999 _c377
_d377